Control automático de luces inteligentes por computadora con opción de funcionamiento audio-rítmico

Guardado en:
Bibliografiske detaljer
Hovedforfatter: Méndez Corrales, Lizandro
Format: Bog
Udgivet: [San José, Costa Rica] 2007
Fag:
Tags: Tilføj Tag
Ingen Tags, Vær først til at tagge denne postø!

MARC

LEADER 00000nam a2200000Ia 4500
003 001208
005 20221231144056.0
008 140114s2007 cr a 000 ||s d
040 |c cru CEDI  
090 |a TFG 5730 
100 |a Méndez Corrales, Lizandro  |9 4182 
245 |a  Control automático de luces inteligentes por computadora con opción de funcionamiento audio-rítmico  
260 |c 2007  |b [San José, Costa Rica] 
300 |a ix, 66 hojas; ilustraciones 
500 |a Proyecto de graduación (bachillerato en ingeniería eléctrica)--Universidad de Costa Rica. Facultad de Ingeniería. Escuela de Ingeniería Eléctrica 
650 |x SISTEMAS DE CONTROL DIGITAL  |x REGULADORES ELECTRICOS   |x ALUMBRADO   |x CONTROL AUTOMATICO  |9 4183 
942 |c TFG 
999 |c 16529  |d 16529